| 000 | 00463nam a2200169Ia 4500 | ||
|---|---|---|---|
| 008 | 240729s9999 xx 000 0 und d | ||
| 022 | _a2304-6732 | ||
| 245 | 0 | _aPhotonics | |
| 260 | _aSwitzerland | ||
| 260 | _bMDPI AG | ||
| 650 | _a Applied optics. Photonics | ||
| 650 | _a Engineering (General). Civil engineering (General) | ||
| 650 | _aTechnology | ||
| 856 | _uhttps://doaj.org/toc/8b190b0f9e7d4a4f83a00106f2dbc498 | ||
| 942 | _2ddc | ||
| 942 | _cDOAJEJ | ||
| 999 |
_c74035 _d74035 |
||
| 945 |
_a1 _bMadushi Gamage _c1 _dMadushi Gamage |
||